ბათუმის შოთა რუსთაველის სახელმწიფო უნივერსიტეტის ბიბლიოთეკა

სავარაუდოდ პოლიტიკური მოტივაციის მქონე სისხლის სამართლის და ადმინისტრაციულ სამართალდარღვევათა საქმეები : (ბიბ.ჩანაწერი № 59469)

000 -ლიდერი
ფიქსირებული სიგრძის საკონტროლო ველი 01181nam a22001577a 4500
003 - საკონტროლო ნომრის იდენტიფიკატორი
საკონტროლო ველი Ge_BSU
005 - ბოლო ოპერაციის თარიღი და დრო
საკონტროლო ველი 20230227103927.0
008 - ფიქსირებული სიგრძის მონაცემთა ელემენტები - ზოგადი ინფორმაცია
ფიქსირებული სიგრძის საკონტროლო ველი 230224s2012 ge ||||| |||| 00| 0 geo d
041 ## - ენის კოდი
Language code of text/sound track or separate title geo
080 ## - უნივერსალური ათობითი კლასიფიკაციის ინდექსი
Universal Decimal Classification number 323.26(479.22)+329.052(479.22) ს-16
245 ## - ცნობა სათაურის შესახებ
Title სავარაუდოდ პოლიტიკური მოტივაციის მქონე სისხლის სამართლის და ადმინისტრაციულ სამართალდარღვევათა საქმეები :
Remainder of title სამართლებრივი ანალი. ნაწილი 2 /
Statement of responsibility, etc [ავტორი ეკა ხუციშვილი] რედ. ხათუნა ყვირალაშვილი; საქართველოს ახალგაზრდა იურისტთა ასოციაცია.
300 ## - ფიზიკური აღწერა
Extent 148 გვ.;
Other physical details 25 სმ.
700 ## - ADDED ENTRY--PERSONAL NAME
Personal name ყვირალაშვილი, ხათუნა
Relator term რედაქტორი
9 (RLIN) 17044
710 ## - ADDED ENTRY--CORPORATE NAME
Corporate name or jurisdiction name as entry element საქართველოს ახალგაზრდა იურისტთა ასოციაცია.
9 (RLIN) 16851
942 ## - ADDED ENTRY ELEMENTS (KOHA)
Source of classification or shelving scheme
Koha item type წიგნი
ეგზემპლარები
ჩამოწერის სტატუსი დაკარგული ეგზემპლარის სტატუსი კლასიფიკაციის წყარო ან თაროზე გაწყობის სქემა დაზიანების სტატუსი არ გაიცემა მუდმივი მდებარეობა (დაცვის ადგილი) ამჟამინდელი ადგილსამყოფელი თაროზე განთავსების ადგილი შეძენის თარიღი ღირებულება, შესყიდვის ნორმალური ფასი ინვენტარის ნომერი სრული შენახვის შიფრი შტრიხკოდი ბოლო ოპერაციის თარიღი ეგზემპლარის მიმდევრობითი ნომერი (კეტერი?) ფასის ძალაში შესვლის თარიღი ეგზემპლარის სახეობა საჯარო შენიშვნა
          ბათუმის შოთა რუსთაველის სახელმწიფო უნივერსიტეტის მთავარი ბიბლიოთეკა ბათუმის შოთა რუსთაველის სახელმწიფო უნივერსიტეტის მთავარი ბიბლიოთეკა წიგნსაცავი 2023-02-24 5.00 წიგნის უკანა მხარე ინგლ. ენაზე 323.26(479.22)+329.052(479.22) ს-16 63908 2023-02-24 63908 2023-02-24 წიგნი 5 ლ.
          ბათუმის შოთა რუსთაველის სახელმწიფო უნივერსიტეტის მთავარი ბიბლიოთეკა ბათუმის შოთა რუსთაველის სახელმწიფო უნივერსიტეტის მთავარი ბიბლიოთეკა წიგნსაცავი 2023-02-24 5.00 წიგნის უკანა მხარე ინგლ. ენაზე 323.26(479.22)+329.052(479.22) ს-16 63909 2023-02-24 63909 2023-02-24 წიგნი 5 ლ.
          ბათუმის შოთა რუსთაველის სახელმწიფო უნივერსიტეტის მთავარი ბიბლიოთეკა ბათუმის შოთა რუსთაველის სახელმწიფო უნივერსიტეტის მთავარი ბიბლიოთეკა წიგნსაცავი 2023-02-24 5.00   323.26(479.22)+329.052(479.22) ს-16 63910 2023-02-24 63910 2023-02-24 წიგნი 5 ლ.